000 00692 a2200193 4500
999 _c4094
_d4094
020 _a0416178308 :
_a0416178405
050 0 0 _aPR 2803 LAT 1983
100 1 _aShakespeare, William,
_d1564-1616.
245 1 0 _aAs you like it /
_cWilliam Shakespeare ; edited by Agnes Latham.
250 _aRevised and reset ed.
264 _aLondon:
_bMethuen,
_c1983.
300 _axcv, 135 p. ;
500 _aDistributed in the U.S.A. by Harper and Row, Barnes and Nobles Import Division.
504 _aIncludes bibliographical references.
650 0 _aFathers and daughters
_xDrama.
650 0 _aExiles
_xDrama.
700 1 _aLatham, Agnes M. C.
_q(Agnes Mary Christabel)
942 _2lcc
_cBK
_h2803
_iLAT
_kPR